000 00475nam a2200169 4500
003 SEACOMMC
005 20250426123720.0
008 241206b |||||||| |||| 00| 0 eng d
020 _a 1-84511-171-0
_c$ 15.99
040 _aSEACOMMC
082 _a302.23
_bP 822
100 _a Poole, Elizabeth
245 1 _aMuslims and The News Media
_c Elizabeth Poole and John E. Richardson.
260 _aNew York
_b I. B. Tauris
_c 2006
650 _a Islam in mass media
942 _cBOOK
999 _c840
_d840